Immigration health care access and the affordable care act (Record no. 106670)

000 -LEADER
fixed length control field 01476pab a2200205 454500
008 - FIXED-LENGTH DATA ELEMENTS--GENERAL INFORMATION
fixed length control field 180718b2014 xxu||||| |||| 00| 0 eng d
100 ## - MAIN ENTRY--PERSONAL NAME
Personal name Pandey, Sanjay K.
245 ## - TITLE STATEMENT
Title Immigration health care access and the affordable care act
260 ## - PUBLICATION, DISTRIBUTION, ETC.
Date of publication, distribution, etc. 2014
300 ## - PHYSICAL DESCRIPTION
Extent p.749-759.
362 ## - DATES OF PUBLICATION AND/OR SEQUENTIAL DESIGNATION
Dates of publication and/or sequential designation Nov-Dec
520 ## - SUMMARY, ETC.
Summary, etc. In spite of major coverage expansions under the Patient Protection and Affordable Care Act (ACA), a large proportion of immigrants will continue to remain outside the scope of coverage. Because various provisions of the ACA seek to enhance access, advancing knowledge about immigrant access to health care is necessary. The authors apply the well-known Andersen model on health care access to two measuresラone focusing on perceptions of unmet health care needs and the other on physician visits during the last year. Using data from the New Jersey Family Health Survey, the authors find that prior to implementation of the ACA coverage expansions, immigrants in New Jersey reported lower levels of unmet health care needs despite poorer self-rated health compared with U.S.-born residents. The article concludes with a discussion of the use of Andersen model for studying immigrant health care access and the broader implications of the findings. - Reproduce
650 ## - SUBJECT ADDED ENTRY--TOPICAL TERM
Topical term or geographic name entry element Immigration
650 ## - SUBJECT ADDED ENTRY--TOPICAL TERM
Topical term or geographic name entry element Health services
700 ## - ADDED ENTRY--PERSONAL NAME
Personal name Lioyd, Kristen
700 ## - ADDED ENTRY--PERSONAL NAME
Personal name Cantor, Joel C.
773 ## - HOST ITEM ENTRY
Main entry heading Public Administration Review
908 ## - PUT COMMAND PARAMETER (RLIN)
Put command parameter N
909 ## -
-- 106675
Holdings
Withdrawn status Lost status Damaged status Not for loan Permanent Location Current Location Date acquired Serial Enumeration / chronology Barcode Date last seen Price effective from Koha item type
        Indian Institute of Public Administration Indian Institute of Public Administration 2018-07-19 Volume no: 74, Issue no: 6 AR107135 2018-07-19 2018-07-19 Articles

Powered by Koha